| 000 | 01254nam a2200265 a 4500 | ||
|---|---|---|---|
| 003 | OSt | ||
| 005 | 20240223093941.0 | ||
| 007 | ca ||||||a|c|a | ||
| 008 | 231206s2020 mx a|||fom||| 001 0 spa d | ||
| 040 | _erda | ||
| 100 | 1 |
_9188422 _aVazquez Bautista, Hermelinda |
|
| 245 | 1 | 0 |
_aIdentificación y evaluación de microorganismos asociados a la rizosfera de cacao (Theobroma cacao L.) con potencial antagonista a mazorca negra (Phytophthora sp.) / _cpor Hermelinda Vazquez Bautista : director de tesis Ma. de Lourdes Rodríguez Mejía. |
| 264 | 1 |
_aChapingo, México : _bEl autor, _c2020. |
|
| 300 |
_a1 recurso en línea (76 páginas): _bcuadros, figuras. |
||
| 336 |
_2rdacontent _atexto _btxt |
||
| 337 |
_2rdamedia _acomputadora _bc |
||
| 338 |
_2rdacarrier _arecurso en línea _bcr |
||
| 502 |
_bIAEPA _cParasitología _d2020. _gLIC |
||
| 504 | _aIncluye referencias bibliográficas: páginas 63-76. | ||
| 650 | 4 |
_9187165 _aCacao _xEnfermedades por hongos |
|
| 650 | 4 |
_9134760 _aHongos fitopatógenos _xControl biológico |
|
| 700 | 1 |
_9172677 _aRodríguez Mejía, Ma. de Lourdes _eDirector de tesis. |
|
| 856 |
_uhttp://10.13.5.2/tesis/tl/1412608-7_Vazquez_Bautista_H.pdf _zDESCARGAR PDF |
||
| 942 |
_2Clasificación Universidad Autónoma Chapingo _cTD |
||
| 999 |
_c219504 _d219504 |
||